[Event "CZE-chT1W 2223"]
[Site "Czech Republic"]
[Date "2023.04.02"]
[Round "11.5"]
[White "Vavra, Pavel"]
[Black "Cerveny, Martin"]
[Result "1/2-1/2"]
[WhiteElo "2316"]
[BlackElo "2404"]
[PlyCount "114"]
[EventDate "2022.10.09"]
[EventType "team-tourn"]
[EventRounds "11"]
[EventCountry "CZE"]
[SourceTitle "EXT 2024"]
[Source "ChessBase"]
[SourceDate "2023.10.10"]
[SourceVersion "1"]
[SourceVersionDate "2023.10.10"]
[SourceQuality "1"]
[WhiteTeam "Unichess Sousek"]
[BlackTeam "Lysa nad Labem II"]
[WhiteTeamCountry "CZE"]
[BlackTeamCountry "CZE"]

1. d4 d6 2. e4 Nf6 3. Nc3 e5 4. f3 Be7 5. Be3 a6 6. g4 exd4 7. Bxd4 Be6 8. Nge2 c5 9. Bf2 h6 10. Nf4 b5 11. Ncd5 Nbd7 12. a4 Bxd5 13. Nxd5 Nxd5 14. Qxd5 0-0 15. Qd1 Bf6 16. Ra2 Nb6 17. axb5 axb5 18. Rxa8 Qxa8 19. Be2 Rd8 20. 0-0 d5 21. e5 Bxe5 22. Bxc5 Qb8 23. Kg2 Na4 24. Bg1 Nxb2 25. Qc1 Nc4 26. f4 Bb2 27. Qd1 Qd6 28. Bd3 Qf6 29. Qe2 Bd4 30. Re1 g6 31. Qe7 Qxe7 32. Rxe7 Bxg1 33. Kxg1 Rc8 34. Kf2 Na3 35. Re2 Kf8 36. Ke3 Re8+ 37. Kd4 Rxe2 38. Bxe2 Nxc2+ 39. Kxd5 b4 40. Kc4 Ke7 41. h3 g5 42. fxg5 hxg5 43. Bd3 Ne1 44. Bf5 Nf3 45. Kxb4 Ng1 46. Kc5 Nxh3 47. Kd5 Nf4+ 48. Ke5 f6+ 49. Ke4 Ne6 50. Kd5 Nc7+ 51. Kc6 Ne8 52. Kd5 Nd6 53. Bc2 Nf7 54. Bf5 Nh6 55. Bc8 Kd8 56. Be6 Kc7 57. Kc5 Nxg4 1/2-1/2

[Event "CZE-chT2C 2223"]
[Site "Czech Republic"]
[Date "2022.12.04"]
[Round "4.1"]
[White "Vavra, Pavel"]
[Black "Sodoma, Jan"]
[Result "1-0"]
[WhiteElo "2316"]
[BlackElo "2318"]
[PlyCount "67"]
[EventDate "2022.10.16"]
[EventType "team-tourn"]
[EventRounds "11"]
[EventCountry "CZE"]
[SourceTitle "EXT 2024"]
[Source "ChessBase"]
[SourceDate "2023.10.10"]
[SourceVersion "1"]
[SourceVersionDate "2023.10.10"]
[SourceQuality "1"]
[WhiteTeam "Vysehrad"]
[BlackTeam "Turnov Zikuda II"]
[WhiteTeamCountry "CZE"]
[BlackTeamCountry "CZE"]

1. e4 e5 2. Nf3 Nc6 3. d4 exd4 4. Nxd4 Bc5 5. Nxc6 Qf6 6. Qf3 bxc6 7. Nd2 d6 8. Nb3 Bb6 9. a4 a5 10. Bd2 Qxf3 11. gxf3 Ne7 12. Rg1 0-0 13. Be3 Bxe3 14. fxe3 Be6 15. Nd2 f5 16. e5 Ng6 17. exd6 cxd6 18. f4 Rfe8 19. 0-0-0 Ra7 20. Nf3 Bd5 21. Nd4 Rxe3 22. c4 Bf3 23. Rg3 Bxd1 24. Rxe3 Bxa4 25. c5 d5 26. Ra3 Bb5 27. Bxb5 cxb5 28. Nxb5 Ra6 29. b4 Nxf4 30. Nd4 a4 31. b5 Ra5 32. c6 Kf7 33. c7 Ra8 34. b6 1-0

[Event "CZE-chT1W 2223"]
[Site "Czech Republic"]
[Date "2022.10.30"]
[Round "2.4"]
[White "Vavra, Pavel"]
[Black "Stocek, Martin"]
[Result "0-1"]
[WhiteElo "2316"]
[BlackElo "1945"]
[PlyCount "170"]
[EventDate "2022.10.09"]
[EventType "team-tourn"]
[EventRounds "11"]
[EventCountry "CZE"]
[SourceTitle "CBM 213 Extra"]
[Source "ChessBase"]
[SourceDate "2023.05.31"]
[SourceVersion "1"]
[SourceVersionDate "2023.05.31"]
[SourceQuality "1"]
[WhiteTeam "Unichess Sousek"]
[BlackTeam "Polabiny III"]
[WhiteTeamCountry "CZE"]
[BlackTeamCountry "CZE"]

1. d4 f5 2. Bg5 g6 3. Nc3 Bg7 4. e4 fxe4 5. Nxe4 d5 6. Nc3 Nh6 7. Nf3 Nf7 8. Bh4 c6 9. Bd3 Bg4 10. Be2 Bxf3 11. Bxf3 Qb6 12. Ne2 e5 13. 0-0 0-0 14. c4 dxc4 15. d5 g5 16. Bg3 Rd8 17. Nc3 Qxb2 18. Na4 Qa3 19. Qc2 cxd5 20. Rad1 Nc6 21. Bxd5 Rxd5 22. Rxd5 Nb4 23. Qc3 Qxc3 24. Nxc3 Nxd5 25. Nxd5 Rd8 26. Ne3 b5 27. Rb1 c3 28. f3 Rd3 29. Nc2 Rd2 30. Rc1 a5 31. a3 Bf8 32. Be1 Rd3 33. Rb1 Nd6 34. Kf1 Nc4 35. Rxb5 Nxa3 36. Ke2 Nxc2 37. Kxd3 Nxe1+ 38. Kxc3 Bb4+ 39. Kc4 Nxg2 40. Kd5 Kg7 41. Rb6 Bc3 42. Rc6 Bd4 43. Ra6 Nh4 44. Ke4 Bc3 45. Rc6 Bd2 46. Ra6 Bf4 47. h3 Bd2 48. Rd6 Bb4 49. Ra6 Ng6 50. Kf5 Nf4 51. Kxg5 Nxh3+ 52. Kf5 Ng1 53. Ke4 Bc3 54. Rc6 Bb4 55. Rc1 Ne2 56. Rc7+ Kf6 57. Rxh7 Nc3+ 58. Kd3 Nb5 59. Kc4 Nd6+ 60. Kd5 Nf7 61. Rh4 Kf5 62. Re4 Bc3 63. Rc4 Bd2 64. Rc8 Bb4 65. Rc4 Ng5 66. Rc7 Nxf3 67. Rf7+ Kg4 68. Rf6 Bc3 69. Rc6 Bd4 70. Ra6 Kf4 71. Rxa5 e4 72. Ra8 e3 73. Ra2 Bc3 74. Kc4 Bd2 75. Kd3 Kg3 76. Ke2 Nd4+ 77. Kd3 Nb3 78. Ra3 Nc1+ 79. Ke4 Kf2 80. Rxe3 Bxe3 81. Ke5 Kf3 82. Kd5 Nd3 83. Kc4 Nf4 84. Kc3 Ke4 85. Kc4 Ne2 0-1

[Event "Mittelfranken Landesliga Nord 2122"]
[Site "Mittelfranken"]
[Date "2022.05.29"]
[Round "9.1"]
[White "Vavra, Pavel"]
[Black "Koch, Moritz"]
[Result "1-0"]
[WhiteElo "2323"]
[BlackElo "2183"]
[PlyCount "83"]
[EventDate "2021.10.24"]
[EventType "team-tourn"]
[EventRounds "9"]
[EventCountry "GER"]
[SourceTitle "EXT 2024"]
[Source "ChessBase"]
[SourceDate "2023.10.10"]
[SourceVersion "1"]
[SourceVersionDate "2023.10.10"]
[SourceQuality "1"]
[WhiteTeam "Wuerzburg"]
[BlackTeam "Herzogenaurach"]
[WhiteTeamCountry "GER"]
[BlackTeamCountry "GER"]

1. d4 Nf6 2. Bg5 e6 3. e4 h6 4. Bxf6 Qxf6 5. c3 d6 6. Bd3 g6 7. Ne2 Bg7 8. f4 Qh4+ 9. g3 Qe7 10. e5 Bd7 11. Nd2 Bc6 12. Be4 0-0 13. 0-0 Bxe4 14. Nxe4 Nd7 15. Qb3 d5 16. Nf2 b6 17. g4 f5 18. exf6 Qxf6 19. Rae1 Rf7 20. Ng3 Qxf4 21. Rxe6 Nf6 22. Qc2 Nxg4 23. Nh3 Ne3 24. Nxf4 Nxc2 25. Re2 Na1 26. Nxg6 Rxf1+ 27. Nxf1 Kf7 28. Ne5+ Bxe5 29. dxe5 Ke6 30. Re1 Nc2 31. Rc1 Rg8+ 32. Kf2 Rf8+ 33. Ke2 d4 34. Ng3 Rd8 35. Kd3 Ne3 36. cxd4 Nd5 37. Rc6+ Kf7 38. Ke4 Ne7 39. Rxc7 Ke6 40. Ne2 Rf8 41. d5+ Nxd5 42. Nd4# 1-0

[Event "CZE-chT1W 2122"]
[Site "Czech Republic"]
[Date "2021.11.14"]
[Round "3.1"]
[White "Vavra, Pavel"]
[Black "Pulpan, Jakub"]
[Result "1/2-1/2"]
[WhiteElo "2320"]
[BlackElo "2406"]
[PlyCount "53"]
[EventDate "2021.10.10"]
[EventType "team-tourn"]
[EventRounds "11"]
[EventCountry "CZE"]
[SourceTitle "EXT 2023"]
[Source "ChessBase"]
[SourceDate "2022.10.05"]
[SourceVersion "1"]
[SourceVersionDate "2022.10.05"]
[SourceQuality "1"]
[WhiteTeam "Vysehrad SK Sokol"]
[BlackTeam "Lysa nad Labem III"]
[WhiteTeamCountry "CZE"]
[BlackTeamCountry "CZE"]

1. d4 d5 2. Bf4 c6 3. e3 Nf6 4. Bd3 Qb6 5. Qc1 g6 6. h3 Bg7 7. Nd2 c5 8. c3 Nc6 9. Ngf3 Nd7 10. 0-0 0-0 11. Bc2 e5 12. dxe5 Ndxe5 13. Nxe5 Nxe5 14. e4 Rd8 15. exd5 Rxd5 16. Bxe5 Bxe5 17. Be4 Rd7 18. Nc4 Qe6 19. Nxe5 Qxe5 20. Re1 Re7 21. Qd2 Qc7 22. Bd5 Bf5 23. Rxe7 Qxe7 24. Re1 Qd7 25. c4 Be6 26. Re5 b6 27. b3 1/2-1/2

[Event "CZE-chT1W 1920"]
[Site "Czech Republic"]
[Date "2020.02.02"]
[Round "7.1"]
[White "Suran, Jan"]
[Black "Vavra, Pavel"]
[Result "1/2-1/2"]
[WhiteElo "2396"]
[BlackElo "2342"]
[PlyCount "124"]
[EventDate "2019.10.20"]
[EventType "team-tourn"]
[EventRounds "11"]
[EventCountry "CZE"]
[SourceTitle "CBM 194 Extra"]
[Source "ChessBase"]
[SourceDate "2020.03.31"]
[SourceVersion "1"]
[SourceVersionDate "2020.03.31"]
[SourceQuality "1"]
[WhiteTeam "Lysa nad Labem III"]
[BlackTeam "Vysehrad"]
[WhiteTeamCountry "CZE"]
[BlackTeamCountry "CZE"]

1. e4 e6 2. d4 d5 3. Nd2 Nf6 4. e5 Nfd7 5. c3 c5 6. Bd3 Nc6 7. Ne2 cxd4 8. cxd4 f6 9. exf6 Nxf6 10. Nf3 Bd6 11. 0-0 Qc7 12. h3 0-0 13. Be3 Bd7 14. Re1 Be8 15. Ng5 Bf7 16. Qc2 h6 17. Bh7+ Kh8 18. Nxf7+ Qxf7 19. Bg6 Qd7 20. a3 Ne7 21. Bd3 Nh5 22. Qd2 Rf6 23. f4 Raf8 24. Rf1 Ng6 25. g3 Qf7 26. Kg2 Ne7 27. Rf3 g5 28. Raf1 Nf5 29. Bxf5 Rxf5 30. g4 Nxf4+ 31. Nxf4 Rf6 32. Ng6+ Qxg6 33. Rxf6 Rxf6 34. Rxf6 Qxf6 35. Qc2 Kg7 36. Qc8 Qe7 37. a4 e5 38. Qf5 Qf7 39. Qxf7+ Kxf7 40. b3 a6 41. dxe5 Bxe5 42. Kf3 Kg6 43. Bb6 h5 44. Ke3 hxg4 45. hxg4 Kf7 46. Kd3 Ke6 47. Bd8 Bf6 48. Bc7 Kd7 49. Bb6 Kc6 50. Be3 b5 51. axb5+ Kxb5 52. Bd2 Kc5 53. Ba5 Kd6 54. Bd2 Bd8 55. Bc3 Ke6 56. Bd2 Ke5 57. Be3 Be7 58. Bd2 d4 59. Bc1 Kd5 60. Bb2 Bf6 61. Bc1 Bd8 62. Bd2 Bf6 1/2-1/2

[Event "CZE-chT1W 1920"]
[Site "Czech Republic"]
[Date "2019.12.08"]
[Round "4.5"]
[White "Stocek, Jiri"]
[Black "Vavra, Pavel"]
[Result "1-0"]
[WhiteElo "2569"]
[BlackElo "2342"]
[PlyCount "51"]
[EventDate "2019.10.20"]
[EventType "team-tourn"]
[EventRounds "11"]
[EventCountry "CZE"]
[SourceTitle "CBM 193 Extra"]
[Source "ChessBase"]
[SourceDate "2020.01.31"]
[SourceVersion "1"]
[SourceVersionDate "2020.01.31"]
[SourceQuality "1"]
[WhiteTeam "Line"]
[BlackTeam "Vysehrad"]
[WhiteTeamCountry "CZE"]
[BlackTeamCountry "CZE"]

1. c4 c6 2. d4 d5 3. Nf3 e6 4. Nc3 dxc4 5. g3 b5 6. a4 b4 7. Ne4 Qd5 8. Neg5 f6 9. e4 Qa5 10. Bxc4 fxg5 11. Qb3 g4 12. Ng5 Be7 13. Nxe6 Bxe6 14. Bxe6 Nf6 15. 0-0 Rf8 16. Qc2 Qb6 17. e5 Nfd7 18. Re1 Qxd4 19. Be3 b3 20. Qxh7 Qb4 21. Rad1 Nxe5 22. Qh5+ Nf7 23. Bxf7+ Rxf7 24. Bc5 g6 25. Qh8+ Rf8 26. Rxe7# 1-0

[Event "CZE-chT1W 1920"]
[Site "Czech Republic"]
[Date "2019.11.10"]
[Round "2.4"]
[White "Vavra, Pavel"]
[Black "Straka, Vojtech"]
[Result "1/2-1/2"]
[WhiteElo "2342"]
[BlackElo "2366"]
[PlyCount "63"]
[EventDate "2019.10.20"]
[EventType "team-tourn"]
[EventRounds "11"]
[EventCountry "CZE"]
[SourceTitle "CBM 193 Extra"]
[Source "ChessBase"]
[SourceDate "2020.01.31"]
[SourceVersion "1"]
[SourceVersionDate "2020.01.31"]
[SourceQuality "1"]
[WhiteTeam "Vysehrad"]
[BlackTeam "Praha Oaza"]
[WhiteTeamCountry "CZE"]
[BlackTeamCountry "CZE"]

1. d4 d5 2. Bf4 Nf6 3. e3 c5 4. Nd2 Nc6 5. c3 e6 6. Ngf3 Bd6 7. Bg3 0-0 8. Bd3 Qe7 9. Ne5 Nd7 10. Nxd7 Qxd7 11. dxc5 Bxc5 12. 0-0 e5 13. b4 Bd6 14. e4 dxe4 15. Nxe4 Bc7 16. Bc4 Qg4 17. Qxg4 Bxg4 18. f3 Bf5 19. Rfd1 Rad8 20. Bh4 Rxd1+ 21. Rxd1 h6 22. Nd6 Bxd6 23. Rxd6 Re8 24. g4 Bc8 25. Bd5 Nb8 26. Kf2 Kf8 27. Rd8 f6 28. Rxe8+ Kxe8 29. Ke3 Ke7 30. Ke4 Kd6 31. Bg3 Nc6 32. Bxc6 1/2-1/2

[Event "Prague Summer op-A 6th"]
[Site "Prague"]
[Date "2019.08.09"]
[Round "9"]
[White "Paulus, Vaclav"]
[Black "Vavra, Pavel"]
[Result "0-1"]
[WhiteElo "1963"]
[BlackElo "2347"]
[PlyCount "52"]
[EventDate "2019.08.02"]
[EventType "swiss"]
[EventRounds "9"]
[EventCountry "CZE"]
[SourceTitle "CBM 191 Extra"]
[Source "ChessBase"]
[SourceDate "2019.09.30"]
[SourceVersion "1"]
[SourceVersionDate "2019.09.30"]
[SourceQuality "1"]

1. e4 e6 2. d4 d5 3. Nd2 Be7 4. Ngf3 Nf6 5. e5 Nfd7 6. c4 0-0 7. cxd5 exd5 8. Bd3 c5 9. h4 h6 10. g4 cxd4 11. g5 h5 12. g6 Qe8 13. gxf7+ Qxf7 14. Qc2 Nc6 15. Bh7+ Kh8 16. Bg6 Qf4 17. e6 Nde5 18. Bxh5 Bxe6 19. Kf1 d3 20. Qd1 Qf5 21. Bg6 Nxg6 22. h5 Nh4 23. h6 gxh6 24. Qe1 Qg4 25. Qe3 Qg2+ 26. Ke1 Qxh1+ 0-1

[Event "Pardubice op rapid 30th"]
[Site "Pardubice"]
[Date "2019.07.19"]
[Round "8"]
[White "Vavra, Pavel"]
[Black "Brejnik, Gustav"]
[Result "0-1"]
[WhiteElo "2367"]
[BlackElo "2179"]
[PlyCount "54"]
[EventDate "2019.07.17"]
[EventType "swiss (rapid)"]
[EventRounds "9"]
[EventCountry "CZE"]
[SourceTitle "CBM 191 Extra"]
[Source "ChessBase"]
[SourceDate "2019.09.30"]
[SourceVersion "1"]
[SourceVersionDate "2019.09.30"]
[SourceQuality "1"]

1. e4 c6 2. c4 d5 3. cxd5 cxd5 4. exd5 Nf6 5. Nc3 Nxd5 6. Nf3 Nc6 7. d4 e6 8. Bd3 Be7 9. 0-0 0-0 10. Re1 b6 11. Nxd5 exd5 12. Ne5 Nxe5 13. dxe5 Re8 14. Bf4 Bc5 15. Qh5 g6 16. Qf3 Be6 17. Rad1 a6 18. a3 b5 19. Qg3 Be7 20. Bb1 d4 21. Re4 Bh4 22. Qf3 Bd5 23. Rdxd4 Bxe4 24. Qxe4 Qxd4 25. Qxd4 Rad8 26. Be3 Rxd4 27. Bxd4 Rd8 0-1

[Event "Pardubice op rapid 30th"]
[Site "Pardubice"]
[Date "2019.07.17"]
[Round "1"]
[White "Gagare, Shalmali"]
[Black "Vavra, Pavel"]
[Result "0-1"]
[WhiteElo "2058"]
[BlackElo "2367"]
[PlyCount "64"]
[EventDate "2019.07.17"]
[EventType "swiss (rapid)"]
[EventRounds "9"]
[EventCountry "CZE"]
[SourceTitle "CBM 191 Extra"]
[Source "ChessBase"]
[SourceDate "2019.09.30"]
[SourceVersion "1"]
[SourceVersionDate "2019.09.30"]
[SourceQuality "1"]

1. c4 c6 2. d4 d5 3. Nc3 e6 4. e3 f5 5. Bd3 Nf6 6. Qc2 a6 7. Nge2 Bd6 8. f3 0-0 9. 0-0 Qc7 10. g3 dxc4 11. Bxc4 b5 12. Bd3 c5 13. dxc5 Bxc5 14. Kg2 Bb7 15. Nf4 Qf7 16. Nxb5 Nbd7 17. Nc7 Rac8 18. Ncxe6 Bd6 19. Qb3 Rb8 20. Qd1 Bxf4 21. Nxf8 Be5 22. Nxd7 Nxd7 23. Qe2 Bd5 24. e4 Be6 25. f4 Bd4 26. exf5 Bd5+ 27. Rf3 Nc5 28. Bc2 Re8 29. Qd1 Qb7 30. Bb3 Nxb3 31. axb3 Bxf3+ 32. Qxf3 Re2+ 0-1

[Event "CZE-chT 1819"]
[Site "Czech Republic"]
[Date "2019.04.20"]
[Round "10.1"]
[White "Miton, Kamil"]
[Black "Vavra, Pavel"]
[Result "1/2-1/2"]
[WhiteElo "2592"]
[BlackElo "2350"]
[PlyCount "50"]
[EventDate "2018.11.03"]
[EventType "team-tourn"]
[EventRounds "11"]
[EventCountry "CZE"]
[SourceTitle "CBM 190 Extra"]
[Source "ChessBase"]
[SourceDate "2019.07.15"]
[SourceVersion "1"]
[SourceVersionDate "2019.07.15"]
[SourceQuality "1"]
[WhiteTeam "Ostrava Labortech"]
[BlackTeam "Unichess II"]
[WhiteTeamCountry "CZE"]
[BlackTeamCountry "CZE"]

1. d4 d5 2. c4 c6 3. Nf3 e6 4. Qc2 Nf6 5. e3 Nbd7 6. Nc3 Bd6 7. Bd3 0-0 8. 0-0 Re8 9. e4 dxc4 10. Bxc4 b5 11. Bb3 e5 12. Ng5 Rf8 13. Ne2 c5 14. Bxf7+ Rxf7 15. Nxf7 Kxf7 16. dxe5 Nxe5 17. f4 Neg4 18. h3 c4 19. Ng3 Bc5+ 20. Kh1 Qd3 21. Qxd3 cxd3 22. hxg4 Nxg4 23. Bd2 Nf2+ 24. Kh2 Ng4+ 25. Kh1 Nf2+ 1/2-1/2

[Event "CZE-chT1W 1819"]
[Site "Czech Republic"]
[Date "2019.02.03"]
[Round "7.1"]
[White "Priehoda, Vitezslav"]
[Black "Vavra, Pavel"]
[Result "1/2-1/2"]
[WhiteElo "2354"]
[BlackElo "2350"]
[PlyCount "28"]
[EventDate "2018.10.21"]
[EventType "team-tourn"]
[EventRounds "11"]
[EventCountry "CZE"]
[SourceTitle "CBM 188 Extra"]
[Source "ChessBase"]
[SourceDate "2019.02.26"]
[SourceVersion "1"]
[SourceVersionDate "2019.02.26"]
[SourceQuality "1"]
[WhiteTeam "Lysa nad Labem III"]
[BlackTeam "Vysehrad"]
[WhiteTeamCountry "CZE"]
[BlackTeamCountry "CZE"]

1. d4 d5 2. Nf3 e6 3. c4 c6 4. e3 f5 5. Bd3 Nf6 6. 0-0 Bd6 7. b3 Qe7 8. Bb2 0-0 9. Nc3 b6 10. Rc1 Ne4 11. Ne2 a5 12. Ne5 a4 13. f3 Bxe5 14. dxe5 Nc5 1/2-1/2

[Event "Landesliga Nord 1819"]
[Site "Bayern"]
[Date "2019.01.20"]
[Round "5.1"]
[White "Pribyl, Josef"]
[Black "Vavra, Pavel"]
[Result "1/2-1/2"]
[WhiteElo "2251"]
[BlackElo "2371"]
[PlyCount "88"]
[EventDate "2018.10.21"]
[EventType "team-tourn"]
[EventRounds "9"]
[EventCountry "GER"]
[SourceTitle "EXT 2022"]
[Source "ChessBase"]
[SourceDate "2021.10.06"]
[SourceVersion "1"]
[SourceVersionDate "2021.10.06"]
[SourceQuality "1"]
[WhiteTeam "Bamberg SC"]
[BlackTeam "Wuerzburg"]
[WhiteTeamCountry "GER"]
[BlackTeamCountry "GER"]

1. c4 c6 2. e4 d5 3. exd5 Nf6 4. Nc3 cxd5 5. d4 Nc6 6. Nf3 Bg4 7. cxd5 Nxd5 8. Qb3 Bxf3 9. gxf3 e6 10. Qxb7 Nxd4 11. Bb5+ Nxb5 12. Qc6+ Ke7 13. Qxb5 Nxc3 14. bxc3 Rb8 15. Qc5+ Ke8 16. Qc6+ Qd7 17. Qxd7+ Kxd7 18. Be3 a6 19. Rg1 Bd6 20. 0-0-0 Ke7 21. Kc2 Ba3 22. Rb1 g6 23. Rb3 Bd6 24. h3 Rb5 25. Rg4 Rc8 26. Rh4 h5 27. Ra4 Be5 28. Bd2 Rxb3 29. axb3 Rc6 30. Rb4 f5 31. Rb7+ Kf6 32. f4 Bc7 33. c4 e5 34. fxe5+ Kxe5 35. Kd3 f4 36. b4 Kf5 37. b5 axb5 38. cxb5 Rd6+ 39. Ke2 Bd8 40. Rf7+ Ke6 41. Bxf4 Rb6 42. Rf8 Ke7 43. Rg8 Rxb5 44. Rxg6 Kf7 1/2-1/2

[Event "CZE-chT 1819"]
[Site "Czech Republic"]
[Date "2018.12.02"]
[Round "4.2"]
[White "Michalik, Peter"]
[Black "Vavra, Pavel"]
[Result "1-0"]
[WhiteElo "2555"]
[BlackElo "2350"]
[PlyCount "55"]
[EventDate "2018.11.03"]
[EventType "team-tourn"]
[EventRounds "11"]
[EventCountry "CZE"]
[SourceTitle "CBM 187 Extra"]
[Source "ChessBase"]
[SourceDate "2018.11.04"]
[SourceVersion "1"]
[SourceVersionDate "2018.11.04"]
[SourceQuality "1"]
[WhiteTeam "Unichess"]
[BlackTeam "Unichess II"]
[WhiteTeamCountry "CZE"]
[BlackTeamCountry "CZE"]

1. d4 e6 2. c4 d5 3. Nf3 c6 4. e3 Nf6 5. b3 c5 6. cxd5 Nxd5 7. Bb2 cxd4 8. Nxd4 Bb4+ 9. Nd2 0-0 10. Rc1 Qe7 11. Bc4 Nf6 12. Nc2 Bd6 13. g4 Rd8 14. g5 Ne8 15. Qh5 Nc6 16. Ne4 Be5 17. Ba3 Qc7 18. f4 b5 19. Be2 Bb7 20. 0-0 Bd6 21. Bb2 Bf8 22. Qh3 Qb6 23. f5 exf5 24. Qxf5 Qc7 25. Bxb5 Nd6 26. Nf6+ gxf6 27. Qxf6 Bg7 28. Qxg7# 1-0

[Event "Pardubice Czech op-E 29th"]
[Site "Pardubice"]
[Date "2018.07.13"]
[Round "2"]
[White "Crha, Pavel"]
[Black "Vavra, Pavel"]
[Result "1/2-1/2"]
[WhiteElo "2106"]
[BlackElo "2352"]
[PlyCount "58"]
[EventDate "2018.07.12"]
[EventType "team"]
[EventRounds "7"]
[EventCountry "CZE"]
[SourceTitle "EXT 2019"]
[Source "ChessBase"]
[SourceDate "2018.10.10"]
[SourceVersion "1"]
[SourceVersionDate "2018.10.10"]
[SourceQuality "1"]
[WhiteTeam "Mlada Boleslav"]
[BlackTeam "Vysehrad"]
[WhiteTeamCountry "CZE"]
[BlackTeamCountry "CZE"]

1. c4 b6 2. Nf3 Bb7 3. g3 e6 4. Bg2 d5 5. 0-0 Nd7 6. b3 a5 7. cxd5 exd5 8. d4 a4 9. bxa4 Ngf6 10. Nc3 Be7 11. Ne5 0-0 12. Qb3 c5 13. Nxd5 Nxd5 14. Bxd5 Bxd5 15. Qxd5 Nxe5 16. Qxd8 Rfxd8 17. dxe5 Rxa4 18. Rb1 Rb8 19. Rb2 c4 20. Be3 b5 21. Rfb1 b4 22. Bd2 h6 23. Kf1 Kh7 24. e4 Rb5 25. Ke2 Rxe5 26. Bxb4 Bxb4 27. Rxb4 Rxa2+ 28. Ke3 f5 29. Rxc4 fxe4 1/2-1/2

[Event "CZE-chT 1718"]
[Site "Czech Republic"]
[Date "2018.04.08"]
[Round "11.3"]
[White "Oral, Tomas"]
[Black "Vavra, Pavel"]
[Result "1/2-1/2"]
[WhiteElo "2512"]
[BlackElo "2360"]
[PlyCount "67"]
[EventDate "2017.11.18"]
[EventType "team-tourn"]
[EventRounds "11"]
[EventCountry "CZE"]
[SourceTitle "EXT 2019"]
[Source "ChessBase"]
[SourceDate "2018.10.10"]
[SourceVersion "1"]
[SourceVersionDate "2018.10.10"]
[SourceQuality "1"]
[WhiteTeam "Lysa nad Labem"]
[BlackTeam "Unichess"]
[WhiteTeamCountry "CZE"]
[BlackTeamCountry "CZE"]

1. e4 c5 2. Nf3 Nc6 3. Bb5 e6 4. b3 Nge7 5. Bb2 a6 6. Bxc6 Nxc6 7. 0-0 b5 8. a4 b4 9. d4 cxd4 10. Nxd4 Bb7 11. Nxc6 Bxc6 12. Nd2 Qc7 13. Qh5 Bb7 14. Rac1 Qc5 15. Qxc5 Bxc5 16. Bxg7 Rg8 17. Be5 Ke7 18. Rfe1 Rac8 19. Bg3 f6 20. Rcd1 e5 21. Nc4 Rg4 22. Nd2 Bd4 23. Nc4 Rxe4 24. Rxe4 Bxe4 25. Nd6 Kxd6 26. Rxd4+ Bd5 27. Rxb4 Rxc2 28. f3 Rc1+ 29. Kf2 Rc3 30. Rb6+ Rc6 31. Rxc6+ Kxc6 32. b4 Bb3 33. f4 e4 34. Kg1 1/2-1/2

[Event "CZE-chT 1718"]
[Site "Czech Republic"]
[Date "2018.04.06"]
[Round "9.2"]
[White "Babula, Vlastimil"]
[Black "Vavra, Pavel"]
[Result "1/2-1/2"]
[WhiteElo "2548"]
[BlackElo "2360"]
[PlyCount "91"]
[EventDate "2017.11.18"]
[EventType "team-tourn"]
[EventRounds "11"]
[EventCountry "CZE"]
[SourceTitle "EXT 2019"]
[Source "ChessBase"]
[SourceDate "2018.10.10"]
[SourceVersion "1"]
[SourceVersionDate "2018.10.10"]
[SourceQuality "1"]
[WhiteTeam "Novoborsky"]
[BlackTeam "Unichess"]
[WhiteTeamCountry "CZE"]
[BlackTeamCountry "CZE"]

1. Nf3 e6 2. c4 d5 3. e3 c6 4. b3 Nf6 5. Bb2 Bd6 6. Nc3 Nbd7 7. Qc2 Ne5 8. Be2 Nxf3+ 9. Bxf3 dxc4 10. bxc4 e5 11. 0-0 0-0 12. d4 Ng4 13. g3 Qg5 14. Ne4 Qg6 15. h3 Nh6 16. dxe5 Bc7 17. Bg2 Re8 18. f4 f5 19. Ng5 Nf7 20. Nxf7 Qxf7 21. e4 fxe4 22. Bxe4 Qh5 23. h4 Bg4 24. Kg2 Rad8 25. Bc3 Be6 26. Bb2 Ba5 27. Rad1 Bg4 28. Rd4 Rxd4 29. Bxd4 Rd8 30. Bc3 Bb6 31. Bf3 Qf5 32. Qxf5 Bxf5 33. Bb4 Bd3 34. Rc1 Rd4 35. Bg4 Kf7 36. Bc8 Bxc4 37. Bc3 Bd5+ 38. Kh3 Rd3 39. f5 Be3 40. e6+ Ke8 41. Bd7+ Kd8 42. f6 Bf2 43. Be5 gxf6 44. Bxf6+ Kc7 45. Be5+ Kd8 46. Bf6+ 1/2-1/2

[Event "CZE-chT2A 1718"]
[Site "Czech Republic"]
[Date "2018.01.28"]
[Round "7.1"]
[White "Vavra, Pavel"]
[Black "Simunek, Filip"]
[Result "0-1"]
[WhiteElo "2365"]
[BlackElo "2150"]
[PlyCount "54"]
[EventDate "2017.10.15"]
[EventType "team-tourn"]
[EventRounds "11"]
[EventCountry "CZE"]
[SourceTitle "EXT 2022"]
[Source "ChessBase"]
[SourceDate "2021.10.06"]
[SourceVersion "1"]
[SourceVersionDate "2021.10.06"]
[SourceQuality "1"]
[WhiteTeam "Vysehrad II"]
[BlackTeam "Klatovy"]
[WhiteTeamCountry "CZE"]
[BlackTeamCountry "CZE"]

1. d4 Nf6 2. Bg5 e6 3. e4 h6 4. Bxf6 Qxf6 5. c3 d5 6. e5 Qd8 7. Bd3 c5 8. Ne2 Qb6 9. f4 Nc6 10. Qb3 Qxb3 11. axb3 cxd4 12. Nxd4 Bc5 13. Nf3 Be3 14. g3 g5 15. fxg5 hxg5 16. Ra4 Bd7 17. Kd1 Ke7 18. Rg4 Rag8 19. Re1 Bb6 20. b4 Be8 21. b5 Nb8 22. Nbd2 Nd7 23. Kc1 f5 24. Rxg5 Rxg5 25. Nxg5 Rxh2 26. Ndf3 Rh5 27. Be2 Be3+ 0-1

[Event "Landesliga Nord 1718"]
[Site "Bayern"]
[Date "2017.11.12"]
[Round "2.1"]
[White "Heika, Martin"]
[Black "Vavra, Pavel"]
[Result "1/2-1/2"]
[WhiteElo "2270"]
[BlackElo "2395"]
[PlyCount "103"]
[EventDate "2017.10.22"]
[EventType "team-tourn"]
[EventRounds "9"]
[EventCountry "GER"]
[SourceTitle "EXT 2022"]
[Source "ChessBase"]
[SourceDate "2021.10.06"]
[SourceVersion "1"]
[SourceVersionDate "2021.10.06"]
[SourceQuality "1"]
[WhiteTeam "Kareth Lappersdorf"]
[BlackTeam "Wuerzburg"]
[WhiteTeamCountry "GER"]
[BlackTeamCountry "GER"]

1. e4 e6 2. d4 d5 3. Nc3 Bb4 4. e5 c5 5. a3 Bxc3+ 6. bxc3 Qa5 7. Bd2 Qa4 8. h4 Ne7 9. h5 cxd4 10. Rh4 Nbc6 11. Nf3 Nf5 12. Rg4 b6 13. h6 gxh6 14. Nxd4 Ncxd4 15. cxd4 Ba6 16. Rf4 Rc8 17. c3 Qxd1+ 18. Rxd1 Bxf1 19. Kxf1 h5 20. g3 Rg8 21. Ke2 Rg4 22. Kd3 Rc4 23. Rh1 Rxf4 24. Bxf4 Ng7 25. Bh6 Nf5 26. Bg5 Ng7 27. g4 hxg4 28. Rxh7 Nf5 29. Rh8+ Kd7 30. Rf8 Ra4 31. Rxf7+ Ke8 32. Rf6 Kd7 33. Bc1 g3 34. fxg3 Nxg3 35. Rf7+ Ke8 36. Rb7 Ne4 37. Bb2 Ng5 38. Bc1 Nf7 39. Kc2 Nd8 40. Rc7 Nf7 41. Kb3 b5 42. Rb7 a6 43. Rc7 Rc4 44. Rxc4 dxc4+ 45. Kb4 Kd7 46. a4 Kc6 47. Ka5 bxa4 48. Kxa6 Nd8 49. Ka5 Kd5 50. Kxa4 Nc6 51. Kb5 Na7+ 52. Kb6 1/2-1/2